Psychology : (Record no. 5454)

MARC details
000 -LEADER
fixed length control field 02472cam a22004097i 4500
001 - CONTROL NUMBER
control field 22658484
003 - CONTROL NUMBER IDENTIFIER
control field OSt
005 - DATE AND TIME OF LATEST TRANSACTION
control field 20260122120337.0
008 - FIXED-LENGTH DATA ELEMENTS--GENERAL INFORMATION
fixed length control field 220617s2022 maua b 001 0 eng d
010 ## - LIBRARY OF CONGRESS CONTROL NUMBER
LC control number 2022275331
020 ## - INTERNATIONAL STANDARD BOOK NUMBER
International Standard Book Number 9780357374825
Qualifying information (paperback)
020 ## - INTERNATIONAL STANDARD BOOK NUMBER
International Standard Book Number 0357374827
Qualifying information (paperback)
035 ## - SYSTEM CONTROL NUMBER
System control number 22658484
035 ## - SYSTEM CONTROL NUMBER
System control number (OCoLC)1241708856
040 ## - CATALOGING SOURCE
Language of cataloging eng
Transcribing agency Foundation University
Description conventions rda
042 ## - AUTHENTICATION CODE
Authentication code lccopycat
050 00 - LIBRARY OF CONGRESS CALL NUMBER
Classification number BF 121
Item number .2022 W45
100 1# - MAIN ENTRY--PERSONAL NAME
Personal name Weiten, Wayne,
Dates associated with a name 1950-
Relator term author.
9 (RLIN) 14270
245 10 - TITLE STATEMENT
Title Psychology :
Remainder of title themes and variations /
Statement of responsibility, etc. Wayne Weiten.
250 ## - EDITION STATEMENT
Edition statement 11th edition.
264 #1 - PRODUCTION, PUBLICATION, DISTRIBUTION, MANUFACTURE, AND COPYRIGHT NOTICE
Place of production, publication, distribution, manufacture Boston, MA :
Name of producer, publisher, distributor, manufacturer Cengage,
Date of production, publication, distribution, manufacture, copy right date [2022]
Copyright Date 2022.
300 ## - PHYSICAL DESCRIPTION
Extent xlvii ; 573 pages ; A32, G9, R66, I32 :
Other physical details illustrations (some color) ;
Dimensions 28 cm
Materials specified resource
Type of unit volume
336 ## - CONTENT TYPE
Content type term text
Content type code txt
Source rdacontent
336 ## - CONTENT TYPE
Content type term still image
Content type code sti
Source rdacontent
337 ## - MEDIA TYPE
Media type term unmediated
Media type code n
Source rdamedia
338 ## - CARRIER TYPE
Carrier type term volume
Carrier type code nc
Source rdacarrier
Materials specified resource
500 ## - GENERAL NOTE
General note Previous edition: 2017.
504 ## - BIBLIOGRAPHY, ETC. NOTE
Bibliography, etc. note Includes bibliographical references and indexes.
505 0# - FORMATTED CONTENTS NOTE
Formatted contents note The evolution of psychology -- The research enterprise in psychology -- The biological bases of behavior -- Sensation and perception -- Variations in consciousness -- Learning -- Human memory -- Cognition and intelligence -- Motivation and emotion -- Human development across the life span -- Personality -- Social behavior -- Stress, coping, and health -- Psychological disorders -- Treatment of psychological disorders.
520 0# - ABSTRACT, SUMMARY, ETC.
Abstract, Summary, etc. Weiten accomplishes the successful balance of scientific rigor and a student-friendly approach through the integration of seven unifying themes, an unparalleled didactic art program, real-life examples, and a streamlined set of learning aids that help students see beyond research to big-picture concepts. Major topics typically covered in today's courses are included, such as evolutionary psychology, neuropsychology, biological psychology, positive psychology, applied psychology, careers, and multiculturalism and diversity.
650 #0 - SUBJECT ADDED ENTRY--TOPICAL TERM
Topical term or geographic name entry element Psychology
Form subdivision Textbooks.
9 (RLIN) 14271
650 #7 - SUBJECT ADDED ENTRY--TOPICAL TERM
Topical term or geographic name entry element Psychology.
Source of heading or term fast
Authority record control number or standard number (OCoLC)fst01081447
9 (RLIN) 3874
655 #7 - INDEX TERM--GENRE/FORM
Genre/form data or focus term Textbooks.
Source of term fast
Authority record control number or standard number (OCoLC)fst01423863
9 (RLIN) 6627
658 ## - INDEX TERM--CURRICULUM OBJECTIVE
Main curriculum objective Psychology, Bachelor of Science in.
856 ## - ELECTRONIC LOCATION AND ACCESS
Uniform Resource Identifier <a href="https://drive.google.com/file/d/1vR2VLqwxUfkJ4v5ut-1K1TsVL5BF5Q3A/view?usp=sharing">https://drive.google.com/file/d/1vR2VLqwxUfkJ4v5ut-1K1TsVL5BF5Q3A/view?usp=sharing</a>
Link text Click here to view the table of content
942 ## - ADDED ENTRY ELEMENTS (KOHA)
Source of classification or shelving scheme Library of Congress Classification
Koha item type Books
Edition 11th edition.
Classification part BF 121
Item part .2022 W45
Call number prefix (CAS-Psy.)
Holdings
Uniform Resource Identifier Withdrawn status Lost status Source of classification or shelving scheme Damaged status Not for loan Collection code Home library Current library Shelving location Date acquired Source of acquisition Total Checkouts Full call number Barcode Date last seen Price effective from Koha item type Accession Number
https://drive.google.com/file/d/1vR2VLqwxUfkJ4v5ut-1K1TsVL5BF5Q3A/view?usp=sharing     Library of Congress Classification     Non-fiction Foundation University Library Foundation University Library CoArts & Sciences 01/22/2026 QT   (CAS-Psy.) BF 121 .2022 W45 0072026017010 01/22/2026 01/22/2026 Books CAS-Psy.-2026010